000 00873nam a2200253 a 4500
005 20170915093520.0
008 140314s1998 fr ||||r|||| 00| 0 fre d
020 _a2707129062
040 _aCO-BoIAVH
_cCO-BoIAVH
041 0 _afre
044 _afr
082 0 4 _a333.95
_bB72e
100 1 _aBontems, Philippe
_eautor
245 1 0 _aÉconomie de I'environnement /
_cPhilippe Bontems y Gilles Rotillon
260 _aParís (Francia) :
_bÉditions la Découverte,
_c1998.
300 _a118 páginas ;
_c18 x 11 cm.
504 _aIncluye referencias bibliográficas.
650 2 6 _aEconomía medioambiental
650 2 6 _aPolítica ambiental
_xAspectos económicos
650 2 6 _aRecursos naturales
_xAspectos económicos
650 2 6 _aPolución
_xAspectos económicos
700 1 _aRotillon, Gilles
_eautor
942 _cLIBRO
_2ddc
999 _c4267
_d4267